The nature-nurture controversy / (Record no. 23800)
[ view plain ]
| 000 -LEADER | |
|---|---|
| fixed length control field | 00760cam a22002532 4500 |
| 001 - CONTROL NUMBER | |
| control field | 23800 |
| 003 - CONTROL NUMBER IDENTIFIER | |
| rucl marc code | BD-RjUL |
| 005 - DATE AND TIME OF LATEST TRANSACTION | |
| control field | 20211209000955.0 |
| 008 - FIXED-LENGTH DATA ELEMENTS--GENERAL INFORMATION | |
| fixed length control field | 140311s1949 nyu b 000 0 eng |
| 035 ## - SYSTEM CONTROL NUMBER | |
| System control number | (BD-RjUL)23865 |
| 040 ## - CATALOGING SOURCE | |
| Original cataloging agency | DLC |
| Transcribing agency | TJC |
| Modifying agency | BD-RjUL |
| -- | BD-RjUL |
| Language of cataloging | eng |
| 041 ## - LANGUAGE CODE | |
| Language code of text/sound track or separate title | eng |
| 082 ## - DEWEY DECIMAL CLASSIFICATION NUMBER | |
| Classification number | 575.1 |
| Author mark and year | PAN 1949 |
| 100 1# - MAIN ENTRY--PERSONAL NAME | |
| Personal name | Pastore, Nicholas, |
| Dates associated with a name | 1916-1998. |
| 9 (RLIN) | 73294 |
| 245 14 - TITLE STATEMENT | |
| Title | The nature-nurture controversy / |
| Statement of responsibility, etc. | With a foreword by Goodwin Watson. |
| 260 ## - PUBLICATION, DISTRIBUTION, ETC. (IMPRINT) | |
| Place of publication, distribution, etc. | New York : |
| Name of publisher, distributor, etc. | King's Crown Press, |
| Date of publication, distribution, etc. | 1949. |
| 300 ## - PHYSICAL DESCRIPTION | |
| Pagination | xiii, 213 p. : |
| Size | 21 cm. |
| Illustrations | ill. ; |
| 504 ## - BIBLIOGRAPHY, ETC. NOTE | |
| Bibliography, etc | Bibliography: p. [183]-208. |
| 650 #0 - SUBJECT ADDED ENTRY--TOPICAL TERM | |
| Topical term or geographic name as entry element | Heredity, Human. |
| 9 (RLIN) | 37327 |
| Topical term or geographic name as entry element | Educational psychology. |
| 9 (RLIN) | 73295 |
| 942 ## - ADDED ENTRY ELEMENTS (KOHA) | |
| Source of classification or shelving scheme | Dewey Decimal Classification |
| Koha item type | Books |
| Lost status | Source of classification or shelving scheme | Damaged status | Not for loan | Collection code | Permanent Location | Current Location | Shelving location | Date acquired | Source of acquisition | Cost, normal purchase price | Total Checkouts | Full call number | Date last seen | Copy number | Koha item type |
|---|---|---|---|---|---|---|---|---|---|---|---|---|---|---|---|
| Dewey Decimal Classification | Added to bundle | Non-fiction | Central Library, University of Rajshahi | Central Library, University of Rajshahi | Reading Room | 08/10/1957 | Paragon Dacca Book corporation | 16.40 | 575.1 PAN 1949 | 11/03/2014 | C-1 | Books |